000 00533nam a2200193 a 4500
001 1770453313564
003 YourLibrary
005 20260207140846.0
008 260207s2009##################000#0#eng##
020 _a9781848441040
082 0 4 _a330.157
_bAIM
100 1 _aAimar, Thierry,
_eauthor.
245 1 0 _aThe Economics of Ignorance and Coordination :
260 _bEdward Elgar Publishing,
_c2009.
300 _a334 pages
650 0 _aBusiness & Economics.
942 _cENGLISH
040 _aYourLibrary
_beng
_cYourLibrary
999 _c611110
_d611110